The Culture and Civilisation of Ancient Indianin Historical Outline (Record no. 818)

MARC details
000 -LEADER
fixed length control field 00374nam a22001097a 4500
008 - FIXED-LENGTH DATA ELEMENTS--GENERAL INFORMATION
fixed length control field 160624b xxu||||| |||| 00| 0 eng d
100 ## - MAIN ENTRY--PERSONAL NAME
9 (RLIN) 1020
Personal name Kosambi, D, D,
245 ## - TITLE STATEMENT
Title The Culture and Civilisation of Ancient Indianin Historical Outline
260 ## - PUBLICATION, DISTRIBUTION, ETC. (IMPRINT)
Place of publication, distribution, etc. N.D
Name of publisher, distributor, etc. Vikas Pub.
Date of publication, distribution, etc. 1989
300 ## - PHYSICAL DESCRIPTION
Extent The Culture and Civilisation of Ancient Indianin Historical Outline
942 ## - ADDED ENTRY ELEMENTS (KOHA)
Source of classification or shelving scheme Dewey Decimal Classification
Koha item type BOOK
Holdings
Withdrawn status Lost status Source of classification or shelving scheme Damaged status Not for loan Home library Current library Date acquired Total Checkouts Full call number Barcode Date last seen Price effective from Koha item type
    Dewey Decimal Classification     Good Samaritan School Library Good Samaritan School Library 06/24/2016   954 KOS545 06/24/2016 06/24/2016 BOOK

Powered by Koha